| 000 | 00543nam a22001695i 4500 | ||
|---|---|---|---|
| 001 | 162413 | ||
| 003 | ES-MaACL | ||
| 005 | 20251222063017.0 | ||
| 008 | 940301s1884 sp |||| | spa d | ||
| 040 |
_aAS _bspa |
||
| 100 |
_aPons Samper, José, _d1855-1930 _9223661 |
||
| 245 | 1 | 0 |
_aFlores marchitas _b: (bocetos literarios) / _cJosé Pons Samper. |
| 260 |
_aMadrid : _b[s.n.], _c1884 ( _fImprenta y Fundición de M. Tello) |
||
| 300 |
_a316 p. ; _c19 cm. |
||
| 852 |
_aES-MaACL _jG-13495 _z-- Enc. hol. |
||
| 999 |
_c162413 _d162413 |
||